000 00562cam a2200145 4500500
005 20251228052419.0
041 _afre
042 _adc
100 1 0 _aMacé, Alain
_eauthor
245 0 0 _aQUANTIN, Patrick (dir.) — Voter en Afrique. Comparaisons et différenciations. Paris, L’Harmattan, 2004, 360 p.
260 _c2005.
500 _a53
786 0 _nCahiers d'études africaines | 178 | 2 | 2005-06-01 | p. 585h-620h | 0008-0055
856 4 1 _uhttps://shs.cairn.info/revue-cahiers-d-etudes-africaines-2005-2-page-585h?lang=fr&redirect-ssocas=7080
999 _c1583504
_d1583504